<?xml version='1.0' encoding='UTF-8'?>
  <record xmlns="http://www.loc.gov/MARC21/slim">
    <leader>00000cam a22000007i 4500</leader>
    <controlfield tag="001">ocn974128170</controlfield>
    <controlfield tag="003">OCoLC</controlfield>
    <controlfield tag="005">20250616061403.5</controlfield>
    <controlfield tag="008">030925s1470    gw            000 0 lat d</controlfield>
    <datafield tag="040" ind1=" " ind2=" ">
      <subfield code="a">QGJ</subfield>
      <subfield code="b">eng</subfield>
      <subfield code="e">rda</subfield>
      <subfield code="e">dcrmr</subfield>
      <subfield code="c">QGJ</subfield>
      <subfield code="d">OCLCO</subfield>
      <subfield code="d">OCLCQ</subfield>
      <subfield code="d">OCLCL</subfield>
      <subfield code="d">OCLCQ</subfield>
      <subfield code="d">QGJ</subfield>
      <subfield code="d">OCLCO</subfield>
      <subfield code="d">QGJ</subfield>
      <subfield code="d">OCLCF</subfield>
      <subfield code="d">OCLCO</subfield>
      <subfield code="d">QGJ</subfield>
      <subfield code="d">OCLCL</subfield>
      <subfield code="d">QGJ</subfield>
    </datafield>
    <datafield tag="035" ind1=" " ind2=" ">
      <subfield code="a">(OCoLC)974128170</subfield>
    </datafield>
    <datafield tag="041" ind1=" " ind2=" ">
      <subfield code="a">lat</subfield>
    </datafield>
    <datafield tag="082" ind1="0" ind2="4">
      <subfield code="a">238.1</subfield>
      <subfield code="q">OCoLC</subfield>
      <subfield code="1">https://id.oclc.org/worldcat/ddc/E3vQVbxPMh6hptVK7tmkHT6FRf</subfield>
    </datafield>
    <datafield tag="100" ind1="0" ind2=" ">
      <subfield code="a">Thomas,</subfield>
      <subfield code="c">Aquinas, Saint,</subfield>
      <subfield code="d">1225?-1274,</subfield>
      <subfield code="e">author.</subfield>
      <subfield code="4">aut</subfield>
      <subfield code="1">https://id.oclc.org/worldcat/entity/E39PBJyMkPRmyFpxV4XVwgRVG3</subfield>
    </datafield>
    <datafield tag="240" ind1="1" ind2="0">
      <subfield code="a">De articulis fidei et ecclesiae sacramentis</subfield>
    </datafield>
    <datafield tag="245" ind1="1" ind2="0">
      <subfield code="a">Summa edita A sancto Thoma de Aqu[i]no. De Articul[is] fidei &amp; Ecc[les]ie Sacrame[n]tis.</subfield>
    </datafield>
    <datafield tag="246" ind1="3" ind2="0">
      <subfield code="a">Summa edita a sancto Thoma de Aquino. De articulis fidei et Ecclesiae Sacramentis</subfield>
    </datafield>
    <datafield tag="246" ind1="3" ind2=" ">
      <subfield code="a">Summa de articulis fidei et ecclesiae sacramentis</subfield>
    </datafield>
    <datafield tag="246" ind1="1" ind2=" ">
      <subfield code="i">Title according to the ISTC:</subfield>
      <subfield code="a">De articulis fidei et ecclesiae sacramentis</subfield>
    </datafield>
    <datafield tag="246" ind1="1" ind2=" ">
      <subfield code="i">Title according to the Gesamtkatalog der Wiegendrucke:</subfield>
      <subfield code="a">Summa de articulis fidei et ecclesiae sacramentis. Daran: Nicolaus de Cusa: Venerabilis dominus … in innovacione statutorum provincialium ecclesie Coloniensis eisdem statutis interservit articulum qui sequitur</subfield>
    </datafield>
    <datafield tag="264" ind1=" " ind2="1">
      <subfield code="a">[Cologne] :</subfield>
      <subfield code="b">[Ulrich Zell],</subfield>
      <subfield code="c">[approximately 1470]</subfield>
    </datafield>
    <datafield tag="300" ind1=" " ind2=" ">
      <subfield code="a">[16] leaves ;</subfield>
      <subfield code="c">21 cm (4to)</subfield>
    </datafield>
    <datafield tag="336" ind1=" " ind2=" ">
      <subfield code="a">text</subfield>
      <subfield code="b">txt</subfield>
      <subfield code="2">rdacontent</subfield>
    </datafield>
    <datafield tag="337" ind1=" " ind2=" ">
      <subfield code="a">unmediated</subfield>
      <subfield code="b">n</subfield>
      <subfield code="2">rdamedia</subfield>
    </datafield>
    <datafield tag="338" ind1=" " ind2=" ">
      <subfield code="a">volume</subfield>
      <subfield code="b">nc</subfield>
      <subfield code="2">rdacarrier</subfield>
    </datafield>
    <datafield tag="340" ind1=" " ind2=" ">
      <subfield code="m">4to</subfield>
      <subfield code="2">rdabf</subfield>
    </datafield>
    <datafield tag="500" ind1=" " ind2=" ">
      <subfield code="a">Title from incipit, which reads: Incipit summa edita A sancto Thoma de Aqu[i]no. De Articul[is] fidei &amp; Ecc[les]ie Sacrame[n]tis.</subfield>
    </datafield>
    <datafield tag="500" ind1=" " ind2=" ">
      <subfield code="a">Date of publication based on dates given in ISTC. ISTC gives "about 1467-1470", citing V. Neveu, Catalogues régionaux des incunables des Bibliothèques publiques de France. Vol. XVII: Haute-Normandie.</subfield>
    </datafield>
    <datafield tag="500" ind1=" " ind2=" ">
      <subfield code="a">Place of publication and printer's name from ISTC.</subfield>
    </datafield>
    <datafield tag="500" ind1=" " ind2=" ">
      <subfield code="a">Signatures: [1-2⁸]; [2]8 is blank.</subfield>
    </datafield>
    <datafield tag="500" ind1=" " ind2=" ">
      <subfield code="a">Capital spaces.</subfield>
    </datafield>
    <datafield tag="500" ind1=" " ind2=" ">
      <subfield code="a">Explicit: Explicit summa edita.a sancto Thoma.de Aquino.de articulis fidei et ecclesie sacramentis.</subfield>
    </datafield>
    <datafield tag="500" ind1=" " ind2=" ">
      <subfield code="a">27 lines; Haebler, type 1 (99 G) 143 x 89 mm</subfield>
    </datafield>
    <datafield tag="510" ind1="4" ind2=" ">
      <subfield code="a">Incunabula short title catalogue,</subfield>
      <subfield code="c">it00274000</subfield>
      <subfield code="u">https://data.cerl.org/istc/it00274000</subfield>
    </datafield>
    <datafield tag="510" ind1="4" ind2=" ">
      <subfield code="a">Gesamtkatalog der Wiegendrucke,</subfield>
      <subfield code="c">M46415</subfield>
      <subfield code="u">https://gesamtkatalogderwiegendrucke.de/docs/M46415.htm</subfield>
    </datafield>
    <datafield tag="510" ind1="4" ind2=" ">
      <subfield code="a">Incunabula in Dutch libraries,</subfield>
      <subfield code="c">4359</subfield>
    </datafield>
    <datafield tag="510" ind1="4" ind2=" ">
      <subfield code="a">Pollard, A.W. Catalogue of books mostly from the presses of the first printers ... collected by Rush C. Hawkins,</subfield>
      <subfield code="c">42</subfield>
    </datafield>
    <datafield tag="546" ind1=" " ind2=" ">
      <subfield code="b">Typeface: 1:99 G</subfield>
    </datafield>
    <datafield tag="610" ind1="2" ind2="0">
      <subfield code="a">Catholic Church</subfield>
      <subfield code="x">Doctrines</subfield>
      <subfield code="v">Early works to 1800.</subfield>
    </datafield>
    <datafield tag="650" ind1=" " ind2="0">
      <subfield code="a">Lord's Supper</subfield>
      <subfield code="x">Catholic Church.</subfield>
    </datafield>
    <datafield tag="650" ind1=" " ind2="0">
      <subfield code="a">Theology</subfield>
      <subfield code="v">Early works to 1800.</subfield>
    </datafield>
    <datafield tag="650" ind1=" " ind2="0">
      <subfield code="a">Sacraments</subfield>
      <subfield code="x">Catholic Church</subfield>
      <subfield code="v">Early works to 1800.</subfield>
    </datafield>
    <datafield tag="610" ind1="2" ind2="6">
      <subfield code="a">Église catholique</subfield>
      <subfield code="x">Doctrines</subfield>
      <subfield code="v">Ouvrages avant 1800.</subfield>
    </datafield>
    <datafield tag="650" ind1=" " ind2="6">
      <subfield code="a">Théologie</subfield>
      <subfield code="v">Ouvrages avant 1800.</subfield>
    </datafield>
    <datafield tag="650" ind1=" " ind2="6">
      <subfield code="a">Sacrements</subfield>
      <subfield code="x">Église catholique</subfield>
      <subfield code="v">Ouvrages avant 1800.</subfield>
    </datafield>
    <datafield tag="610" ind1="2" ind2="7">
      <subfield code="a">Catholic Church</subfield>
      <subfield code="2">fast</subfield>
    </datafield>
    <datafield tag="650" ind1=" " ind2="7">
      <subfield code="a">Lord's Supper</subfield>
      <subfield code="x">Catholic Church</subfield>
      <subfield code="2">fast</subfield>
    </datafield>
    <datafield tag="650" ind1=" " ind2="7">
      <subfield code="a">Sacraments</subfield>
      <subfield code="x">Catholic Church</subfield>
      <subfield code="2">fast</subfield>
    </datafield>
    <datafield tag="650" ind1=" " ind2="7">
      <subfield code="a">Theology</subfield>
      <subfield code="2">fast</subfield>
    </datafield>
    <datafield tag="650" ind1=" " ind2="7">
      <subfield code="a">Theology, Doctrinal</subfield>
      <subfield code="2">fast</subfield>
    </datafield>
    <datafield tag="655" ind1=" " ind2="7">
      <subfield code="a">incunabula (books)</subfield>
      <subfield code="2">aat</subfield>
    </datafield>
    <datafield tag="655" ind1=" " ind2="7">
      <subfield code="a">Early works</subfield>
      <subfield code="2">fast</subfield>
    </datafield>
    <datafield tag="655" ind1=" " ind2="7">
      <subfield code="a">Incunables.</subfield>
      <subfield code="2">rvmgf</subfield>
    </datafield>
    <datafield tag="700" ind1="1" ind2=" ">
      <subfield code="a">Zell, Ulrich,</subfield>
      <subfield code="d">-1503,</subfield>
      <subfield code="e">printer.</subfield>
      <subfield code="4">prt</subfield>
      <subfield code="1">https://id.oclc.org/worldcat/entity/E39PBJbWtf4YkcJ4wpqhMCPvpP</subfield>
    </datafield>
    <datafield tag="700" ind1="0" ind2=" ">
      <subfield code="a">Nicholas,</subfield>
      <subfield code="c">of Cusa, Cardinal,</subfield>
      <subfield code="d">1401-1464,</subfield>
      <subfield code="e">other.</subfield>
      <subfield code="4">oth</subfield>
      <subfield code="1">https://id.oclc.org/worldcat/entity/E39PBJjXpCmMfKMwF6VcpqqCwC</subfield>
    </datafield>
    <datafield tag="700" ind1="0" ind2=" ">
      <subfield code="a">Leonardus,</subfield>
      <subfield code="c">Archbishop of Palermo,</subfield>
      <subfield code="d">-1276,</subfield>
      <subfield code="e">dedicatee.</subfield>
      <subfield code="4">dte</subfield>
      <subfield code="1">https://id.oclc.org/worldcat/entity/E39PCjFwGPGXDDDhBQXkfTK3HC</subfield>
    </datafield>
    <datafield tag="752" ind1=" " ind2=" ">
      <subfield code="a">Germany</subfield>
      <subfield code="d">Cologne,</subfield>
      <subfield code="e">publication place.</subfield>
      <subfield code="4">pup</subfield>
    </datafield>
  </record>